The Macdonald Encyclopedia of Shells (Record no. 32400)
[ view plain ]
| 000 -LEADER | |
|---|---|
| fixed length control field | 003540000a22001450004500 |
| 003 - CONTROL NUMBER IDENTIFIER | |
| control field | MACL |
| 040 ## - CATALOGING SOURCE | |
| Original cataloging agency | MACL |
| 090 ## - LOCALLY ASSIGNED LC-TYPE CALL NUMBER (OCLC); LOCAL CALL NUMBER (RLIN) | |
| -- | 32735 |
| -- | 32733 |
| 100 ## - MAIN ENTRY--PERSONAL NAME | |
| Personal name | Sabelli, Bruno |
| 245 ## - TITLE STATEMENT | |
| Title | The Macdonald Encyclopedia of Shells |
| 260 ## - PUBLICATION, DISTRIBUTION, ETC. (IMPRINT) | |
| Name of publisher, distributor, etc. | Macdonald Illustrated |
| Date of publication, distribution, etc. | 1991 |
| 350 ## - PRICE (NR) (BK AM CF MU VM SE) [OBSOLETE] | |
| Price | 874 |
| 650 ## - SUBJECT ADDED ENTRY--TOPICAL TERM | |
| Topical term or geographic name as entry element | Specific Topic of Natural history |
| 942 ## - ADDED ENTRY ELEMENTS (KOHA) | |
| Koha item type | Library Membar |
| Call number prefix | 591.477/SAB |
| Withdrawn status | Lost status | Damaged status | Not for loan | Home library | Current library | Date acquired | Total Checkouts | Full call number | Barcode | Date last seen | Uniform Resource Identifier | Price effective from | Koha item type |
|---|---|---|---|---|---|---|---|---|---|---|---|---|---|
| MACL | MACL | 15/04/2015 | 591.477/SAB BOOK | CLC3185 | 29/04/2015 | 32456 | 15/04/2015 | Books |









